| 000 | 01489nam a2200289 4500 | ||
|---|---|---|---|
| 001 | 0000018659 | ||
| 003 | CO-CtgCURN | ||
| 005 | 20250331184354.0 | ||
| 007 | ta | ||
| 008 | 160627s2004 000 0 eng d | ||
| 020 | _a9788497840446 | ||
| 040 |
_aCO-CtgCURN _bspa _ccoctgcurn |
||
| 082 | 0 |
_a303.482 _bG165 |
|
| 100 | 1 | _aGarcía Canclini, Nestor. | |
| 245 | 1 | 0 |
_aDiferentes, desiguales y desconectados : _bmapas de la interculturalidad / _cNestor García Canclini. |
| 260 |
_aBarcelona : _bGedisa, _c2004. |
||
| 300 | _a223 p. | ||
| 336 | _2rdacontent | ||
| 337 |
_2rdamedia _asin mediacion _bn |
||
| 338 |
_2rdacarrier _avolumen _bnc |
||
| 505 | 8 | _aLa cultura extraviada en sus definiciones.--Diferentes, desiguales y desconectados.--De como Clifford Geertz y Pierre Bourdieu llegaron al exilio.--La globalizacion de la antropología despues del posmodernismo.--Norte y Sur en los estudios culturales.--Modelos Latinoamericanos de integracion y desintegracion.--Quien habla y en que lugar: sujetos simulados y posconstructivismo.--·Ser diferente es desconectarse? Sobre las culturas juveniles.--Sociedades del conocimiento: la construcción intercultural del saber.--Mercados que desglobalizan: el cine latinoamericano como minoria | |
| 650 | 1 | 4 | _aDiversidad cultural. |
| 908 | _a160627 | ||
| 942 |
_cBK _h303.482 _iG165 _2ddc |
||
| 999 |
_c17642 _d17642 |
||